Actas de derecho industrial y derecho de autor. Tomo XX, (1999)

Detalles Bibliográficos
Autor Corporativo: Universidad de Santiago de Compostela. Departamento de Derecho Mercantil y del Trabajo
Formato: Desconocido
Lenguaje:español
Publicado: [Santiago de Compostela] : Madrid : Universidad de Santiago de Compostela, Departamento de Derecho Mercantil y del Trabajo ; Marcial Pons, Ediciones jurd̕icas [2000]
Materias:
Acceso en línea:Acceso restringido

MARC

LEADER 00000ny a22000003n 4500
005 20110224105132.0
008 950503s2000 sp s 000 0 spa c
020 |a 8497680332 
035 |a 776 
040 |a UMA.RE  |d vLex 
080 |a 347.77/.78(460)(063) 
090 |c 539  |d 539 
245 0 0 |a Actas de derecho industrial y derecho de autor.  |n Tomo XX,  |p (1999)  |h [Recurso electrn̤ico]  |c Instituto de Derecho Industrial, Universidad de Santiago (Espaą) 
256 |a Servicio en ln̕ea 
260 |a [Santiago de Compostela] :  |b Universidad de Santiago de Compostela, Departamento de Derecho Mercantil y del Trabajo ;  |a Madrid :  |b Marcial Pons, Ediciones jurd̕icas  |c [2000] 
506 1 |a Contenido solo disponible en los productos indicados  |d vLex Global  |d vLex Global (Academic Edition, excluding Law Schools)  |d vLex Global (U.S. Academic Edition, Law Schools)  |d vLex Global (U.S. Academic Edition, excluding Law Schools)  |d vLex Global (Academic Edition, Law Schools) 
650 0 7 |a Derecho industrial  |2 Tesauro vLex 
650 0 7 |a Industrias  |2 Tesauro vLex 
650 0 7 |a Propiedad industrial  |2 Tesauro vLex 
650 0 7 |a Civil  |2 Tesauro vLex 
650 0 7 |a Propiedad intelectual  |2 Tesauro vLex 
650 0 7 |a Derechos de autor  |2 Tesauro vLex 
710 2 |a Universidad de Santiago de Compostela.  |b Departamento de Derecho Mercantil y del Trabajo 
740 0 |a vLex Libros (Servicios en ln̕ea) 
856 4 0 |u http://vlex.com/source/776  |z Acceso restringido 
942 |c BOOK 
999 0 |a Civil Law  |b Madrid